| 000 | 00516nam a2200169Ia 4500 | ||
|---|---|---|---|
| 001 | 17566 | ||
| 003 | IN-NITTTR | ||
| 005 | 20251114233206.0 | ||
| 008 | 251113s9999||||xx |||||||||||||| ||eng|| | ||
| 040 | _beng | ||
| 040 | _cIN-NITTTR | ||
| 041 | _aeng | ||
| 082 | _a620.192 M581P | ||
| 100 | _aMicrosymposium on Macromolecules, | ||
| 245 | 0 |
_aPolymer composites : _b proceedings/ 28th Microsympasium on Macromolecules, Prague, Czechoslovakia, July 8- 11,1985. / _cMicrosymposium on Macromolecules |
|
| 942 |
_2ddc _cBK |
||
| 999 |
_c20200 _d20200 |
||